| 000 | 00463nam a2200169 4500 | ||
|---|---|---|---|
| 001 | 110148 | ||
| 003 | ES-MaACL | ||
| 005 | 20250625063155.0 | ||
| 007 | t| | ||
| 008 | 061121s1935 sp r ||||1| spa d | ||
| 100 | 1 |
_aOcampo, Victoria, _d1890-1979 _986446 |
|
| 245 | 1 | 0 |
_aTestimonios / _cVictoria Ocampo. |
| 260 |
_aMadrid : _b[s.n.], _c1935 ( _fImp. Galo Sèz) |
||
| 300 |
_a393 p. ; _c20 cm. |
||
| 852 |
_aES-MaACL _jA-3320 |
||
| 999 |
_c110148 _d110148 |
||